[Event "SUI-ch U16"]
[Site "Naefels"]
[Date "2024.05.19"]
[Round "6"]
[White "Gade, Niels Severin"]
[Black "Hottinger, Simon"]
[Result "1/2-1/2"]
[WhiteElo "1889"]
[BlackElo "1817"]
[PlyCount "62"]
[EventDate "2024.05.17"]
[EventType "swiss"]
[EventRounds "7"]
[EventCountry "SUI"]
[SourceTitle "EXT 2025"]
[Source "ChessBase"]
[SourceDate "2024.10.14"]
[SourceVersion "1"]
[SourceVersionDate "2024.10.14"]
[SourceQuality "1"]

1. e4 c5 2. Nf3 d6 3. d4 cxd4 4. Nxd4 Nf6 5. Nc3 a6 6. Be3 e5 7. Nb3 Be6 8. f4 exf4 9. Bxf4 Nc6 10. Qe2 Qe7 11. h3 d5 12. exd5 Nxd5 13. Nxd5 Bxd5 14. Qxe7+ Bxe7 15. 0-0-0 0-0-0 16. Be2 Bd6 17. Bg4+ Kb8 18. Bxd6+ Rxd6 19. Bf3 Rhd8 20. Bxd5 Rxd5 21. Rxd5 Rxd5 22. Re1 Re5 23. Rxe5 Nxe5 24. Nd4 Kc7 25. b3 g6 26. Kd2 Kd6 27. Ne2 Kc5 28. a3 Nc6 29. Kd3 f5 30. Nf4 Kd6 31. Ke3 Ne5 1/2-1/2

[Event "SUI-ch U16"]
[Site "Naefels"]
[Date "2024.05.19"]
[Round "5"]
[White "Marmy, Milo"]
[Black "Gade, Niels Severin"]
[Result "1-0"]
[WhiteElo "1739"]
[BlackElo "1889"]
[PlyCount "83"]
[EventDate "2024.05.17"]
[EventType "swiss"]
[EventRounds "7"]
[EventCountry "SUI"]
[SourceTitle "EXT 2025"]
[Source "ChessBase"]
[SourceDate "2024.10.14"]
[SourceVersion "1"]
[SourceVersionDate "2024.10.14"]
[SourceQuality "1"]

1. e4 c5 2. c3 d5 3. exd5 Qxd5 4. d4 Nc6 5. Nf3 Bf5 6. Be3 cxd4 7. cxd4 e6 8. Nc3 Bb4 9. a3 Bxc3+ 10. bxc3 Nf6 11. Bd3 Bxd3 12. Qxd3 h6 13. 0-0 0-0 14. Rab1 Qd7 15. Qb5 b6 16. Ne5 Nxe5 17. Qxe5 Ng4 18. Qg3 Nxe3 19. fxe3 Qc6 20. Rbc1 Rac8 21. Rf6 Kh7 22. Rf4 f5 23. Rf2 Qd5 24. Rfc2 Rc4 25. Qh4 Rf6 26. Re2 Qa5 27. e4 Qxa3 28. Qe1 fxe4 29. Rxe4 Rg6 30. Rc2 Qd6 31. Qe2 Ra4 32. Qe1 Qd5 33. Re5 Qb3 34. Qe4 Qb1+ 35. Kf2 Ra2 36. Rxa2 Qxa2+ 37. Kg1 Qc4 38. h4 Qxc3 39. h5 Qc1+ 40. Kh2 Qc7 41. hxg6+ Kg8 42. d5 1-0

[Event "SUI-ch U16"]
[Site "Naefels"]
[Date "2024.05.18"]
[Round "3"]
[White "Bruessow, Nina"]
[Black "Gade, Niels Severin"]
[Result "1/2-1/2"]
[WhiteElo "1873"]
[BlackElo "1889"]
[PlyCount "91"]
[EventDate "2024.05.17"]
[EventType "swiss"]
[EventRounds "7"]
[EventCountry "SUI"]
[SourceTitle "EXT 2025"]
[Source "ChessBase"]
[SourceDate "2024.10.14"]
[SourceVersion "1"]
[SourceVersionDate "2024.10.14"]
[SourceQuality "1"]

1. e4 c5 2. Nf3 d6 3. d4 cxd4 4. Nxd4 Nf6 5. Nc3 a6 6. Bg5 Nbd7 7. a3 e6 8. Bc4 Be7 9. Bxe6 Qa5 10. Bxf6 Nxf6 11. Bxc8 Rxc8 12. 0-0 g6 13. Kh1 0-0 14. f4 Rfd8 15. Qf3 Qc5 16. Rad1 Rc7 17. f5 Qe5 18. fxg6 fxg6 19. Qh3 Re8 20. Qe6+ Qxe6 21. Nxe6 Rc4 22. Rde1 h6 23. Nf4 Kg7 24. Nfd5 Bd8 25. Ne3 Rc7 26. Re2 Rce7 27. Rxf6 Kxf6 28. Ned5+ Ke6 29. Nxe7 Rxe7 30. g3 Rf7 31. Kg2 Bb6 32. Nd5 Ba7 33. c4 g5 34. b4 Rf8 35. b5 axb5 36. cxb5 Bc5 37. a4 Ke5 38. Nc3 Bd4 39. Nb1 Ra8 40. Ra2 Kxe4 41. a5 Kd5 42. a6 bxa6 43. bxa6 Kc6 44. Nd2 Bc5 45. Kf3 Kb6 46. Kg4 1/2-1/2

[Event "SUI-ch U16"]
[Site "Naefels"]
[Date "2024.05.17"]
[Round "2"]
[White "Gade, Niels Severin"]
[Black "Hofstetter, Noah"]
[Result "1/2-1/2"]
[WhiteElo "1889"]
[BlackElo "1713"]
[PlyCount "65"]
[EventDate "2024.05.17"]
[EventType "swiss"]
[EventRounds "7"]
[EventCountry "SUI"]
[SourceTitle "EXT 2025"]
[Source "ChessBase"]
[SourceDate "2024.10.14"]
[SourceVersion "1"]
[SourceVersionDate "2024.10.14"]
[SourceQuality "1"]

1. e4 e5 2. Nf3 Nc6 3. Bc4 Bc5 4. 0-0 Nf6 5. d4 Bxd4 6. Nxd4 Nxd4 7. Bg5 d6 8. Nc3 c6 9. f4 Ne6 10. Bxe6 Bxe6 11. fxe5 dxe5 12. Qxd8+ Rxd8 13. Rxf6 gxf6 14. Bxf6 Rg8 15. Bxd8 Kxd8 16. Rf1 Ke7 17. a3 Rd8 18. Rd1 Rxd1+ 19. Nxd1 f5 20. exf5 Bxf5 21. Ne3 Be6 22. Kf2 c5 23. Kf3 a5 24. Ke4 Kd6 25. g4 Bf7 26. h4 a4 27. h5 b5 28. c3 Ke6 29. Nd5 Kd6 30. Ne3 Ke6 31. Nd5 Kd6 32. Ne3 Ke6 33. Nd5 1/2-1/2

[Event "SUI-ch U16"]
[Site "Naefels"]
[Date "2024.05.17"]
[Round "1"]
[White "Mattenberger, Matthias"]
[Black "Gade, Niels Severin"]
[Result "1-0"]
[WhiteElo "2276"]
[BlackElo "1889"]
[PlyCount "79"]
[EventDate "2024.05.17"]
[EventType "swiss"]
[EventRounds "7"]
[EventCountry "SUI"]
[SourceTitle "EXT 2025"]
[Source "ChessBase"]
[SourceDate "2024.10.14"]
[SourceVersion "1"]
[SourceVersionDate "2024.10.14"]
[SourceQuality "1"]

1. d4 d5 2. c4 c6 3. Nc3 Nf6 4. Nf3 e6 5. Bg5 Nbd7 6. e3 Qa5 7. cxd5 Nxd5 8. Qd2 Bb4 9. Rc1 h6 10. Bh4 c5 11. Bd3 0-0 12. 0-0 b6 13. a3 Bxc3 14. bxc3 cxd4 15. cxd4 Qxa3 16. e4 Nf4 17. Bb5 Ng6 18. Ra1 Qd6 19. Bg3 e5 20. Qb2 Bb7 21. dxe5 Qe7 22. Bxd7 Qxd7 23. Rad1 Qe7 24. Nd4 Rfd8 25. Nf5 Qe6 26. Nd6 Ba6 27. Rfe1 Ne7 28. f4 Nc8 29. f5 Qd7 30. e6 fxe6 31. fxe6 Qxe6 32. Nf5 Rd7 33. Rxd7 Qxd7 34. Qa2+ Kh7 35. Qxa6 Ne7 36. Nxe7 Qxe7 37. e5 Rf8 38. h3 Qg5 39. Qd3+ Kh8 40. e6 1-0

[Event "SUI-ch U14"]
[Site "Biel"]
[Date "2022.07.20"]
[Round "6"]
[White "Breyer, Thierry"]
[Black "Gade, Niels Severin"]
[Result "1-0"]
[WhiteElo "1683"]
[BlackElo "1505"]
[PlyCount "123"]
[EventDate "2022.07.18"]
[EventType "swiss"]
[EventRounds "7"]
[EventCountry "SUI"]
[SourceTitle "EXT 2023"]
[Source "ChessBase"]
[SourceDate "2022.10.05"]
[SourceVersion "1"]
[SourceVersionDate "2022.10.05"]
[SourceQuality "1"]

1. e4 c5 2. Nf3 d6 3. d4 cxd4 4. Nxd4 Nf6 5. Nc3 a6 6. h3 e5 7. Nb3 Be6 8. f4 exf4 9. Bxf4 Nbd7 10. Qe2 g6 11. 0-0-0 Nh5 12. Nd5 Nxf4 13. Nxf4 Bh6 14. g3 Ne5 15. Kb1 Bc4 16. Qd2 Bxf1 17. Rhxf1 Nc4 18. Qd4 Ne5 19. Qxd6 Qxd6 20. Rxd6 0-0 21. Rb6 Rab8 22. Na5 Bg7 23. b3 Nd7 24. Rxb7 Nc5 25. Rxb8 Rxb8 26. e5 Bxe5 27. Nc6 Bxf4 28. Rxf4 Re8 29. Nb4 Re3 30. Rc4 a5 31. Nd5 Re1+ 32. Kb2 Ne6 33. Nf4 Nxf4 34. Rxf4 Re3 35. c4 Rxg3 36. c5 Kf8 37. c6 Ke8 38. h4 Kd8 39. Rxf7 h5 40. Rg7 Rg4 41. a3 Rxh4 42. Rxg6 Kc7 43. Rh6 Rh3 44. Rg6 h4 45. Rg5 Kxc6 46. Rxa5 Rg3 47. Rh5 h3 48. b4 Rg2+ 49. Kb3 h2 50. Ka4 Kb6 51. Rh6+ Kb7 52. Ka5 Ra2 53. a4 Rg2 54. Rh7+ Kc6 55. b5+ Kc5 56. Rh5+ Kd6 57. Ka6 Ra2 58. a5 Kc7 59. Rh7+ Kd6 60. b6 Kc6 61. b7 Rb2 62. Rxh2 1-0

[Event "Davos op 20th"]
[Site "Davos"]
[Date "2021.06.11"]
[Round "1"]
[White "Gade, Niels Severin"]
[Black "Paleologu, Vladimir"]
[Result "0-1"]
[WhiteElo "1468"]
[BlackElo "2060"]
[PlyCount "88"]
[EventDate "2021.06.11"]
[EventType "swiss"]
[EventRounds "5"]
[EventCountry "SUI"]
[SourceTitle "CBM 203 Extra"]
[Source "ChessBase"]
[SourceDate "2021.09.30"]
[SourceVersion "1"]
[SourceVersionDate "2021.09.30"]
[SourceQuality "1"]

1. e4 d6 2. d4 Nf6 3. Nc3 Nbd7 4. Nf3 e5 5. dxe5 dxe5 6. Bc4 Bb4 7. Bd2 c6 8. a3 Ba5 9. 0-0 Qc7 10. Re1 h6 11. b4 Bb6 12. Na4 Bxf2+ 13. Kxf2 b5 14. Bxf7+ Kxf7 15. Nb2 Nb6 16. Bc3 Re8 17. Kg1 Bg4 18. Rf1 Kg8 19. h3 Bh5 20. Qe2 Bg6 21. Nd2 Nh5 22. Qg4 Kh7 23. Nd3 Na4 24. Bb2 Qb6+ 25. Kh1 Nxb2 26. Nxb2 Qd4 27. Nd3 Nf6 28. Qe2 Nxe4 29. Nxe4 Qxe4 30. Qxe4 Bxe4 31. Rfe1 Bxd3 32. cxd3 Rad8 33. Rad1 Rd4 34. Re4 Kg6 35. g4 Red8 36. Re3 Kg5 37. Kg2 e4 38. Kg3 Rxd3 39. Rexd3 exd3 40. Re1 d2 41. Re6 Rd3+ 42. Kf2 d1Q 43. Re5+ Kf6 44. Rf5+ Kg6 0-1

[Event "Lugano Special Edition op 19th"]
[Site "Lugano"]
[Date "2021.03.13"]
[Round "3"]
[White "Sidler, Raoul"]
[Black "Gade, Niels Severin"]
[Result "1-0"]
[WhiteElo "1489"]
[BlackElo "1528"]
[PlyCount "109"]
[EventDate "2021.03.12"]
[EventType "swiss"]
[EventRounds "5"]
[EventCountry "SUI"]
[SourceTitle "CBM 201 Extra"]
[Source "ChessBase"]
[SourceDate "2021.05.31"]
[SourceVersion "1"]
[SourceVersionDate "2021.05.31"]
[SourceQuality "1"]

1. d4 d5 2. c4 c6 3. Nc3 dxc4 4. e3 b5 5. a4 a6 6. axb5 cxb5 7. Nxb5 Bb7 8. Nc3 Nf6 9. Nf3 Qc7 10. Qa4+ Nbd7 11. Qxc4 Qxc4 12. Bxc4 e6 13. 0-0 Bb4 14. Bd2 0-0 15. Ra4 Bd6 16. Rfa1 Nb6 17. Ne5 Nxa4 18. Rxa4 Ne4 19. Nxe4 Bxe4 20. Rxa6 Rxa6 21. Bxa6 Bxe5 22. f3 Bxf3 23. gxf3 Bd6 24. b4 Rb8 25. b5 Bc7 26. Kf2 Kf8 27. h3 Ke8 28. Bb4 Kd7 29. e4 Bd6 30. Bc5 Bc7 31. Ke3 Bb6 32. Kd3 e5 33. Bxb6 Rxb6 34. d5 Rh6 35. Kc4 Rxh3 36. b6 Rh6 37. Kc5 Rg6 38. b7 Kc7 39. d6+ Rxd6 40. b8Q+ Kxb8 41. Kxd6 f6 42. Ke6 h5 43. Kf7 g5 44. Kxf6 g4 45. fxg4 hxg4 46. Kxe5 g3 47. Bf1 Kc7 48. Kf6 Kd7 49. e5 Ke8 50. Ke6 Kd8 51. Kf7 Kc7 52. e6 Kd6 53. e7 g2 54. Bxg2 Kc7 55. e8Q 1-0

[Event "Wohlen op 1st"]
[Site "Wohlen"]
[Date "2020.08.21"]
[Round "1"]
[White "Gade, Niels Severin"]
[Black "Bussard, Christian"]
[Result "0-1"]
[WhiteElo "1568"]
[BlackElo "2274"]
[PlyCount "42"]
[EventDate "2020.08.21"]
[EventType "swiss"]
[EventRounds "5"]
[EventCountry "SUI"]
[SourceTitle "CBM 198 Extra"]
[Source "ChessBase"]
[SourceDate "2020.11.30"]
[SourceVersion "1"]
[SourceVersionDate "2020.11.30"]
[SourceQuality "1"]

1. e4 e5 2. Nf3 d6 3. d4 exd4 4. Nxd4 Nf6 5. Nc3 Be7 6. g3 d5 7. Bg2 dxe4 8. Nxe4 0-0 9. 0-0 h6 10. Qd3 Na6 11. c3 c5 12. Nxf6+ Bxf6 13. Be4 cxd4 14. Bh7+ Kh8 15. cxd4 Qxd4 16. Qc2 Nb4 17. Qe4 Bh3 18. Re1 Rae8 19. Qxe8 Rxe8 20. Rxe8+ Kxh7 21. Be3 Qd5 0-1